HISTORY OF EDUCATION AND CULTURE IN AMERICA (Registro nro. 14809)
[ vista simple ]
| 000 -LEADER | |
|---|---|
| fixed length control field | 00534nam a2200193 a 4500 |
| 001 - CONTROL NUMBER | |
| control field | 14809 |
| 005 - DATE AND TIME OF LATEST TRANSACTION | |
| control field | 20180713203337.0 |
| 008 - FIXED-LENGTH DATA ELEMENTS--GENERAL INFORMATION | |
| fixed length control field | 140415d 000 0 eng d |
| 020 ## - INTERNATIONAL STANDARD BOOK NUMBER | |
| International Standard Book Number | 0133902374 |
| 041 ## - LANGUAGE CODE | |
| Language code of text/sound track or separate title | eng |
| 082 ## - DEWEY DECIMAL CLASSIFICATION NUMBER | |
| Classification number | 370.973 |
| Item number | BUT |
| 100 1# - MAIN ENTRY--PERSONAL NAME | |
| Personal name | BUTTON, H. WARREN |
| 245 10 - TITLE STATEMENT | |
| Title | HISTORY OF EDUCATION AND CULTURE IN AMERICA |
| 250 ## - EDITION STATEMENT | |
| Edition statement | 1a ed. |
| 260 ## - PUBLICATION, DISTRIBUTION, ETC. | |
| Place of publication, distribution, etc. | [s.l.] : |
| Name of publisher, distributor, etc. | PRENTICE HALL, |
| Date of publication, distribution, etc. | [s.f.] |
| 300 ## - PHYSICAL DESCRIPTION | |
| Extent | 379 |
| 650 14 - SUBJECT ADDED ENTRY--TOPICAL TERM | |
| Topical term or geographic name entry element | EDUCACION |
| General subdivision | ESTADOS UNIDOS |
| -- | HISTORIA |
| 700 1# - ADDED ENTRY--PERSONAL NAME | |
| Personal name | PROVENZO, EUGENE F. |
| Relator term | coaut. |
| Withdrawn status | Lost status | Source of classification or shelving scheme | Damaged status | Not for loan | Collection code | Home library | Current library | Shelving location | Date acquired | Source of acquisition | Inventory number | Total Checkouts | Full call number | Barcode | Date last seen | Price effective from | Koha item type |
|---|---|---|---|---|---|---|---|---|---|---|---|---|---|---|---|---|---|
| Dewey Decimal Classification | General | Biblioteca Karol Wojtyla | Biblioteca Karol Wojtyla | Sala general | 03/12/2013 | Compra | 151000000000000000042984 | 370.973 BUT | 32154 | 05/01/2026 | 03/12/2013 | Libro |